| 000 | 00334nam a2200109Ia 4500 | ||
|---|---|---|---|
| 008 | 171204s9999 xx 000 0 und d | ||
| 245 | _aCost Accounting: | ||
| 245 | _cCharles T. Horngren and Srikant M. Datar | ||
| 260 | _c2014 | ||
| 650 | _xCOST ACCOUNTING & COST MANAGEMENT | ||
| 856 | _uhttp://down.ebook777.com/024/9780133428704.pdf | ||
| 999 |
_c345700 _d345700 |
||